[Event "XIV C.to NATO"]
[Site "Hoevelte DEN"]
[Date "2003.09.08"]
[Round "1"]
[White "Alper, Metin"]
[Black "Tarantino, Silvio"]
[Result "1-0"]
[WhiteElo "2134"]
[BlackElo "1812"]
[PlyCount "36"]
[EventDate "2003.09.08"]

1. e4 c5 2. Nc3 Nc6 3. f4 d6 4. Bc4 g6 5. Nf3 Bg7 6. O-O e6 7. d3 Nge7 8. Qe1
O-O 9. f5 exf5 10. Qh4 d5 11. exd5 Nd4 12. Bg5 Re8 13. Rae1 Nxf3+ 14. Rxf3 Bd4+
15. Kf1 Qa5 16. Bxe7 Bd7 17. d6 Kg7 18. Nd5 b5 1-0

[Event "XIV C.to NATO"]
[Site "Hoevelte DEN"]
[Date "2003.09.08"]
[Round "1"]
[White "Crapulli, Giuseppe"]
[Black "Agergaard, Lars Michael"]
[Result "0-1"]
[WhiteElo "1843"]
[BlackElo "2200"]
[PlyCount "56"]
[EventDate "2003.09.08"]

1. e4 e5 2. Nf3 d6 3. d4 Nf6 4. Nc3 Nbd7 5. Bc4 Be7 6. O-O O-O 7. h3 c6 8. a4
b6 9. Qe2 Bb7 10. Rd1 Qc7 11. Be3 a6 12. Bb3 b5 13. dxe5 dxe5 14. axb5 axb5 15.
Rxa8 Bxa8 16. Nd2 Bc5 17. Kh2 Bd4 18. f3 Nc5 19. g3 h6 20. Ba2 Rd8 21. Nb3 Nxb3
22. Bxb3 Qb7 23. Bc1 Nd7 24. Nb1 Nc5 25. Ba2 Qa7 26. Bxf7+ Qxf7 27. c3 Nb3 28.
cxd4 Nxd4 0-1

[Event "XIV C.to NATO"]
[Site "Hoevelte DEN"]
[Date "2003.09.08"]
[Round "1"]
[White "Hole, Oystein"]
[Black "Carola, Paolo"]
[Result "1/2-1/2"]
[WhiteElo "2289"]
[BlackElo "2051"]
[PlyCount "47"]
[EventDate "2003.09.08"]

1. Nf3 f5 2. c4 Nf6 3. Nc3 g6 4. d4 Bg7 5. g3 O-O 6. Bg2 d6 7. O-O Qe8 8. d5 e5
9. dxe6 Bxe6 10. Ng5 Bc8 11. c5 dxc5 12. Bxb7 Bxb7 13. Qb3+ Kh8 14. Qxb7 Nbd7
15. Qxc7 Ne4 16. Ngxe4 fxe4 17. Be3 Bd4 18. Rad1 Rc8 19. Qxa7 Ra8 20. Bxd4+ Kg8
21. Qb7 cxd4 22. Rxd4 Rf7 23. Nxe4 Kg7 24. Nd6 1/2-1/2

[Event "XIV C.to NATO"]
[Site "Hoevelte DEN"]
[Date "2003.09.08"]
[Round "1"]
[White "Teodonio, Fabrizio"]
[Black "Pioch, Zygmunt"]
[Result "0-1"]
[WhiteElo "1907"]
[BlackElo "2242"]
[PlyCount "34"]
[EventDate "2003.09.08"]

1. d4 Nf6 2. Nf3 e6 3. Bg5 c5 4. e3 Be7 5. Nbd2 b6 6. Bd3 Bb7 7. O-O O-O 8. c3
cxd4 9. exd4 Nc6 10. Qe2 Nd5 11. Bxe7 Ncxe7 12. Bc2 f5 13. Bb3 Nf4 14. Qe3 Neg6
15. Nc4 Nxg2 16. Qe2 N6f4 17. Qd1 Nh4 0-1

[Event "XIV C.to NATO"]
[Site "Hoevelte DEN"]
[Date "2003.09.08"]
[Round "1"]
[White "Wantiez, Fabrice"]
[Black "Alfieri, Paolo"]
[Result "1-0"]
[WhiteElo "2188"]
[BlackElo "2041"]
[PlyCount "77"]
[EventDate "2003.09.08"]

1. e4 c5 2. Nf3 Nc6 3. d4 cxd4 4. Nxd4 Nf6 5. Nc3 e5 6. Ndb5 d6 7. a4 a6 8. Na3
Be7 9. Bg5 Be6 10. Bc4 Nxe4 11. Nxe4 d5 12. Bxe7 Nxe7 13. Ng5 dxc4 14. Nxe6
fxe6 15. Nxc4 Ng6 16. Qd6 Qxd6 17. Nxd6+ Ke7 18. Nxb7 Rhb8 19. Nc5 Rxb2 20.
O-O-O Rab8 21. g3 Ra2 22. Rhe1 a5 23. Rd7+ Ke8 24. Rxg7 Rc8 25. Kb1 Rxc5 26.
Kxa2 Rxc2+ 27. Kb3 Rxf2 28. Rxh7 Kf8 29. Rc1 Ne7 30. Rc7 Rf7 31. Rxf7+ Kxf7 32.
Ra7 Kf6 33. Rxa5 e4 34. Kc3 e3 35. Kd3 Nc6 36. Rb5 e2 37. Kxe2 Nd4+ 38. Ke3
Nxb5 39. axb5 1-0

[Event "XIV C.to NATO"]
[Site "Hoevelte DEN"]
[Date "2003.09.09"]
[Round "2"]
[White "Cheung, Jan W."]
[Black "Crapulli, Giuseppe"]
[Result "0-1"]
[WhiteElo "2088"]
[BlackElo "1843"]
[PlyCount "84"]
[EventDate "2003.09.08"]

1. d4 Nf6 2. c4 e6 3. Nc3 Bb4 4. f3 d5 5. a3 Bxc3+ 6. bxc3 O-O 7. cxd5 exd5 8.
e3 c5 9. Bd3 b6 10. Ne2 Ba6 11. Bxa6 Nxa6 12. O-O Re8 13. Ng3 Nb8 14. Re1 Nc6
15. Ra2 Qd7 16. Rd2 Rad8 17. a4 c4 18. Rde2 Na5 19. e4 dxe4 20. fxe4 Nb3 21.
Bg5 Qc6 22. Bxf6 Qxf6 23. Rf2 Qc6 24. Ref1 Rf8 25. Qg4 Qg6 26. Qh5 f6 27. Qh3
Kh8 28. Nf5 Qf7 29. Rf4 g5 30. Nh6 Qg6 31. Rf5 Nd2 32. Re1 Rde8 33. e5 g4 34.
Qe3 Nf3+ 35. Rxf3 gxf3 36. Qxf3 Qxh6 37. e6 Qd2 38. Re2 Qd1+ 39. Kf2 Qd3 40.
Re3 Qc2+ 41. Re2 Qxa4 42. d5 Qb5 0-1

[Event "XIV C.to NATO"]
[Site "Hoevelte DEN"]
[Date "2003.09.10"]
[Round "3"]
[White "Bellardi, Michel"]
[Black "Tarantino, Silvio"]
[Result "1/2-1/2"]
[WhiteElo "2050"]
[BlackElo "1812"]
[PlyCount "28"]
[EventDate "2003.09.08"]

1. d4 Nf6 2. c4 e6 3. Nc3 Bb4 4. f3 d5 5. a3 Bxc3+ 6. bxc3 c5 7. cxd5 Nxd5 8.
dxc5 Qa5 9. e4 Qxc3+ 10. Bd2 Qe5 11. Ne2 Nf6 12. Bc3 Qg5 13. Qd6 Nc6 14. Rd1
Nd7 1/2-1/2

[Event "XIV C.to NATO"]
[Site "Hoevelte DEN"]
[Date "2003.09.10"]
[Round "3"]
[White "Benedetti, Fabrizio"]
[Black "Zengin, Sedat"]
[Result "1/2-1/2"]
[WhiteElo "2208"]
[BlackElo "2108"]
[PlyCount "31"]
[EventDate "2003.09.08"]

1. Nf3 c5 2. g3 Nf6 3. Bg2 g6 4. O-O Bg7 5. c4 Nc6 6. d4 cxd4 7. Nxd4 O-O 8.
Nc3 Qb6 9. Nc2 d6 10. Ne3 Be6 11. b3 Ne4 12. Na4 Nc3 13. Nxb6 Nxd1 14. Nxa8
Bxa1 15. Nxd1 Rxa8 16. Bb2 1/2-1/2

[Event "XIV C.to NATO"]
[Site "Hoevelte DEN"]
[Date "2003.09.10"]
[Round "3"]
[White "Crapulli, Giuseppe"]
[Black "L'Henoret, Thierry"]
[Result "1/2-1/2"]
[WhiteElo "1843"]
[BlackElo "2117"]
[PlyCount "45"]
[EventDate "2003.09.08"]

1. e4 c5 2. Nf3 e6 3. d4 cxd4 4. Nxd4 Nf6 5. Nc3 e5 6. Nf3 Bb4 7. Bd2 O-O 8.
Bd3 d6 9. h3 Bd7 10. O-O Bc6 11. Re1 Nbd7 12. a3 Bxc3 13. Bxc3 Nc5 14. Nd2 Na4
15. Nb1 Rb8 16. b4 Nxc3 17. Nxc3 d5 18. exd5 Nxd5 19. Nxd5 Qxd5 20. Be4 Qe6 21.
Bxc6 Qxc6 22. c4 Rbd8 23. Qe2 1/2-1/2

[Event "XIV C.to NATO"]
[Site "Hoevelte DEN"]
[Date "2003.09.10"]
[Round "3"]
[White "Falbo, Sandro"]
[Black "Engelen, Johan H.H.M."]
[Result "1-0"]
[WhiteElo "2208"]
[BlackElo "1976"]
[PlyCount "101"]
[EventDate "2003.09.08"]

1. d4 d5 2. c4 c6 3. Nf3 Nf6 4. Nc3 e6 5. cxd5 exd5 6. Bg5 Be7 7. e3 h6 8. Bh4
Ne4 9. Bxe7 Qxe7 10. Qc2 Nd7 11. Bd3 Ndf6 12. O-O O-O 13. Ne5 Re8 14. Rae1 Nd6
15. f3 Be6 16. e4 dxe4 17. fxe4 Nd7 18. Nxd7 Bxd7 19. e5 Nc8 20. Ne4 Be6 21.
Kh1 Nb6 22. Re3 Nd5 23. Rg3 Kh8 24. a3 Rf8 25. Qd2 f5 26. Nd6 f4 27. Rg6 Ne3
28. Rf2 Nf5 29. Rxe6 Qxe6 30. Bxf5 Rxf5 31. Nxf5 Qxf5 32. Qxf4 Qb1+ 33. Rf1
Qxb2 34. e6 Qe2 35. Qf7 Qc4 36. h3 Kh7 37. Qf5+ Kh8 38. e7 Re8 39. Rf3 Qg8 40.
Qd7 Kh7 41. Re3 Qf7 42. Re5 g6 43. Kg1 Qf4 44. Re1 Qf7 45. Qxb7 Qd5 46. Qxa7
Qd6 47. Qc5 Qxc5 48. dxc5 Kg7 49. a4 Kf7 50. a5 Ra8 51. e8=Q+ 1-0

[Event "XIV C.to NATO"]
[Site "Hoevelte DEN"]
[Date "2003.09.10"]
[Round "3"]
[White "Tommasini, Enzo"]
[Black "Agergaard, Lars Michael"]
[Result "1/2-1/2"]
[WhiteElo "2117"]
[BlackElo "2200"]
[PlyCount "39"]
[EventDate "2003.09.08"]

1. d4 d6 2. c4 e5 3. Nf3 exd4 4. Nxd4 Nf6 5. Nc3 Be7 6. e4 O-O 7. Be2 Na6 8.
O-O Nc5 9. Qc2 a5 10. Rd1 Bd7 11. Rb1 Re8 12. f3 Qc8 13. Be3 h6 14. Ndb5 Bxb5
15. Nxb5 Nfd7 16. Qd2 Bf6 17. b3 Ne6 18. Re1 Qd8 19. Rbd1 Qe7 20. Nd4 1/2-1/2

[Event "XIV C.to NATO"]
[Site "Hoevelte DEN"]
[Date "2003.09.10"]
[Round "4"]
[White "Mottais, Francois"]
[Black "Crapulli, Giuseppe"]
[Result "1-0"]
[WhiteElo "2157"]
[BlackElo "1843"]
[PlyCount "51"]
[EventDate "2003.09.08"]

1. d4 Nf6 2. c4 e6 3. Nf3 b6 4. Bg5 Bb7 5. Nc3 Bb4 6. e3 h6 7. Bh4 g5 8. Bg3
Ne4 9. Qc2 Bxc3+ 10. bxc3 d6 11. Bd3 f5 12. d5 exd5 13. cxd5 Bxd5 14. Nd4 Qf6
15. f3 Nxg3 16. hxg3 Nd7 17. Bxf5 Ne5 18. Qa4+ Kf8 19. O-O Nc4 20. Be4 Qf7 21.
f4 g4 22. Bxd5 Qxd5 23. e4 Qf7 24. e5 d5 25. Qc6 Rd8 26. Ne6+ 1-0

[Event "XIV C.to NATO"]
[Site "Hoevelte DEN"]
[Date "2003.09.10"]
[Round "4"]
[White "Pioch, Zygmunt"]
[Black "Tommasini, Enzo"]
[Result "0-1"]
[WhiteElo "2242"]
[BlackElo "2117"]
[PlyCount "61"]
[EventDate "2003.09.08"]

1. e4 e6 2. d4 d5 3. Nd2 Nf6 4. e5 Nfd7 5. Bd3 c5 6. c3 Nc6 7. Ne2 cxd4 8. cxd4
f6 9. exf6 Qxf6 10. Nf3 h6 11. O-O Bd6 12. a3 O-O 13. Bc2 Rd8 14. Ng3 Nf8 15.
Re1 Bd7 16. b4 Rac8 17. Be3 Be8 18. Qd2 a6 19. Bb3 Rd7 20. Rac1 Rdc7 21. Red1
Nd7 22. Ne1 Bg6 23. f4 Rf8 24. Nd3 Nxd4 25. Rxc7 Bxc7 26. Ba2 Nc6 27. Ne2 Bf5
28. Nc5 Nxc5 29. Bxc5 Rf7 30. Bb1 a5 31. Ng3 0-1

[Event "XIV C.to NATO"]
[Site "Hoevelte DEN"]
[Date "2003.09.10"]
[Round "4"]
[White "Tarantino, Silvio"]
[Black "Nielsen, Henrik Lindholt"]
[Result "1-0"]
[WhiteElo "1812"]
[BlackElo "2039"]
[PlyCount "65"]
[EventDate "2003.09.08"]

1. e4 c5 2. Nf3 Nc6 3. d4 cxd4 4. Nxd4 e5 5. Nb5 a6 6. N5c3 Bb4 7. Bc4 Qh4 8.
O-O Nf6 9. Nd5 Nxd5 10. Qxd5 O-O 11. a3 Ba5 12. Be3 Bd8 13. Nc3 Be7 14. f4 d6
15. f5 Bd7 16. Qd2 Na5 17. Be2 Rac8 18. Nd5 Bd8 19. Nc3 Be7 20. Rf3 Nc4 21.
Bxc4 Rxc4 22. Rh3 Qg4 23. Rg3 Qh5 24. Nd5 Bd8 25. Bh6 g6 26. Rh3 Rd4 27. Bxf8
Qxh3 28. Qxd4 Qg4 29. Qb4 Kxf8 30. Qxd6+ Kg7 31. Qxd7 Bh4 32. f6+ Bxf6 33. Qxg4
1-0

[Event "XIV C.to NATO"]
[Site "Hoevelte DEN"]
[Date "2003.09.10"]
[Round "4"]
[White "Teodonio, Fabrizio"]
[Black "Lebel, Patrick"]
[Result "1/2-1/2"]
[WhiteElo "1907"]
[BlackElo "2188"]
[PlyCount "46"]
[EventDate "2003.09.08"]

1. d4 e6 2. Nf3 b6 3. e4 Bb7 4. Bd3 d6 5. O-O Nd7 6. Qe2 Ne7 7. Bg5 h6 8. Be3
g6 9. Re1 Bg7 10. c3 O-O 11. Bd2 a6 12. Na3 Kh7 13. Rad1 c5 14. Nc4 Qc7 15. Bf4
e5 16. dxe5 dxe5 17. Bg3 Rfd8 18. Bb1 f6 19. h4 Nf8 20. Rxd8 Qxd8 21. Qd2 Qxd2
22. Ncxd2 Ne6 23. Nf1 h5 1/2-1/2

[Event "XIV C.to NATO"]
[Site "Hoevelte DEN"]
[Date "2003.09.10"]
[Round "4"]
[White "Zengin, Sedat"]
[Black "Falbo, Sandro"]
[Result "1/2-1/2"]
[WhiteElo "2108"]
[BlackElo "2208"]
[PlyCount "82"]
[EventDate "2003.09.08"]

1. e4 e5 2. Nf3 Nc6 3. Bb5 a6 4. Ba4 Nf6 5. O-O Be7 6. Qe2 b5 7. Bb3 d6 8. c3
Bg4 9. Rd1 O-O 10. d4 exd4 11. cxd4 d5 12. e5 Ne4 13. Nc3 Nxc3 14. bxc3 Na5 15.
Bc2 Nc4 16. h3 Bh5 17. a4 Rb8 18. axb5 axb5 19. Ra6 Bg6 20. Bxg6 fxg6 21. Ne1
b4 22. cxb4 Rxb4 23. Nd3 Rb5 24. Nf4 Qd7 25. Qg4 Qxg4 26. hxg4 Rb1 27. Nxd5 Ba3
28. Rc6 Na5 29. Rc3 Nb3 30. Rxb3 Rxb3 31. Bxa3 Rxa3 32. Nxc7 Ra2 33. f3 Rc8 34.
Nd5 Rcc2 35. Ne3 Re2 36. Rd3 Rad2 37. Rxd2 Rxd2 38. d5 Re2 39. Nc4 Rc2 40. Ne3
Re2 41. Nc4 Rc2 1/2-1/2

[Event "XIV C.to NATO"]
[Site "Hoevelte DEN"]
[Date "2003.09.11"]
[Round "5"]
[White "Falbo, Sandro"]
[Black "Listowiecki, Tadeusz"]
[Result "1/2-1/2"]
[WhiteElo "2208"]
[BlackElo "2075"]
[PlyCount "81"]
[EventDate "2003.09.08"]

1. c4 Nf6 2. Nf3 e6 3. Nc3 d5 4. d4 Be7 5. g3 c6 6. Bg2 Nbd7 7. O-O Qc7 8. Qd3
dxc4 9. Qxc4 Nb6 10. Qd3 Nbd7 11. e4 e5 12. dxe5 Nxe5 13. Nxe5 Qxe5 14. Bf4 Qh5
15. Qe2 Bg4 16. f3 Be6 17. Rfd1 O-O 18. Rd2 Rad8 19. Rad1 Qa5 20. Be3 b5 21.
Rxd8 Rxd8 22. Rxd8+ Qxd8 23. e5 Nd5 24. Nxd5 Bxd5 25. Qd2 a5 26. f4 Bxa2 27.
Qxd8+ Bxd8 28. Bxc6 Bc4 29. Bc5 f6 30. e6 Bxe6 31. Bxb5 Kf7 32. Kf2 Be7 33.
Bxe7 Kxe7 34. Ke3 Kd6 35. Kd4 Bf7 36. Ba4 Bd5 37. Bc2 h6 38. Ba4 Be6 39. Bb5
Bd5 40. Ba4 Bg8 41. Bb5 1/2-1/2

[Event "XIV C.to NATO"]
[Site "Hoevelte DEN"]
[Date "2003.09.11"]
[Round "5"]
[White "Lillevold, Frode"]
[Black "Tarantino, Silvio"]
[Result "1-0"]
[WhiteElo "2059"]
[BlackElo "1812"]
[PlyCount "129"]
[EventDate "2003.09.08"]

1. d4 Nf6 2. c4 e6 3. Nc3 Bb4 4. Qc2 c5 5. dxc5 O-O 6. a3 Bxc5 7. Nf3 Nc6 8.
Bg5 Be7 9. e4 Qa5 10. Rd1 Ne5 11. Nxe5 Qxe5 12. f4 Qc5 13. e5 Ng4 14. Bxe7 Qxe7
15. Qe2 Nh6 16. Qf3 f6 17. exf6 Qxf6 18. g3 d5 19. Be2 Nf5 20. O-O d4 21. Ne4
Qd8 22. Rd2 Ne3 23. Rc1 e5 24. c5 exf4 25. gxf4 Be6 26. Ng5 Bd5 27. Qh3 h6 28.
Rxd4 hxg5 29. Qxe3 gxf4 30. Qe5 Re8 31. Qxd5+ Qxd5 32. Bc4 Qxc4 33. Rcxc4 Re2
34. Rb4 Rc2 35. Rxf4 Rd8 36. Rf2 Rxc5 37. Rxb7 Rd1+ 38. Kg2 Rg5+ 39. Kf3 Rdd5
40. Rb4 Kh7 41. Ke3 Kg6 42. Rd4 Rde5+ 43. Kd3 Rh5 44. Rg4+ Kh6 45. Rfg2 g5 46.
Kc4 Rh4 47. Rxh4+ gxh4 48. b4 Kh5 49. a4 Re7 50. Kc5 h3 51. Rd2 Rg7 52. Rd3 Kh4
53. Rd4+ Kh5 54. Kb5 Rg6 55. Rc4 Rg2 56. Ka6 Rxh2 57. Kxa7 Ra2 58. a5 h2 59.
Rc8 Kg4 60. Rg8+ Kf4 61. Rh8 Ke5 62. Kb6 Kd6 63. a6 Rg2 64. a7 Ra2 65. Rxh2 1-0

[Event "XIV C.to NATO"]
[Site "Hoevelte DEN"]
[Date "2003.09.11"]
[Round "5"]
[White "Tommasini, Enzo"]
[Black "Szczesniak, Andrzej"]
[Result "1-0"]
[WhiteElo "2117"]
[BlackElo "2183"]
[PlyCount "35"]
[EventDate "2003.09.08"]

1. d4 d5 2. c4 c6 3. Nc3 Nf6 4. e3 a6 5. a4 e6 6. Nf3 Nbd7 7. Bd3 Bd6 8. e4
dxe4 9. Nxe4 Nxe4 10. Bxe4 Bb4+ 11. Bd2 Qa5 12. O-O Bxd2 13. Qxd2 Qh5 14. Rfe1
O-O 15. Ne5 Rd8 16. Qf4 Nxe5 17. dxe5 Bd7 18. Re3 1-0

[Event "XIV C.to NATO"]
[Site "Hoevelte DEN"]
[Date "2003.09.11"]
[Round "6"]
[White "Carola, Paolo"]
[Black "Kraft, Matthias"]
[Result "1/2-1/2"]
[WhiteElo "2051"]
[BlackElo "2153"]
[PlyCount "31"]
[EventDate "2003.09.08"]

1. e4 e6 2. Nf3 d5 3. Nc3 c5 4. Bb5+ Nc6 5. e5 Bd7 6. Bxc6 bxc6 7. d4 cxd4 8.
Qxd4 c5 9. Qg4 Rb8 10. a3 Ne7 11. O-O Nf5 12. Ne2 Bb5 13. Re1 Bxe2 14. Rxe2 Qd7
15. c3 Be7 16. Bg5 1/2-1/2

[Event "XIV C.to NATO"]
[Site "Hoevelte DEN"]
[Date "2003.09.11"]
[Round "6"]
[White "Ekeberg, Carl Fredrik"]
[Black "Tommasini, Enzo"]
[Result "1-0"]
[WhiteElo "2226"]
[BlackElo "2117"]
[PlyCount "83"]
[EventDate "2003.09.08"]

1. Nf3 d5 2. d4 Nf6 3. c4 c6 4. Nc3 e6 5. Bg5 h6 6. Bh4 Nbd7 7. e3 Qa5 8. Qc2
Bb4 9. Nd2 Ne4 10. Ndxe4 dxe4 11. Be2 O-O 12. O-O f5 13. f3 exf3 14. Rxf3 Nf6
15. Bxf6 Rxf6 16. e4 e5 17. d5 f4 18. Kh1 Bc5 19. a3 g5 20. Rd3 Qc7 21. Qd1 Kg7
22. b4 Be3 23. h3 h5 24. Bxh5 Rh6 25. Bg4 Bxg4 26. Qxg4 Qd8 27. Rad1 c5 28.
bxc5 Bxc5 29. d6 Rh4 30. Qf5 Qf6 31. Qd7+ Kg6 32. Nd5 Qf7 33. Ne7+ Kh5 34. Qxb7
Rg8 35. Qd5 Qxd5 36. Rxd5 Rb8 37. Rxc5 Rb3 38. Nf5 g4 39. Nxh4 Kxh4 40. d7 Kg3
41. d8=Q Rf3 42. gxf3 1-0

[Event "XIV C.to NATO"]
[Site "Hoevelte DEN"]
[Date "2003.09.11"]
[Round "6"]
[White "Mottais, Francois"]
[Black "Teodonio, Fabrizio"]
[Result "1/2-1/2"]
[WhiteElo "2157"]
[BlackElo "1907"]
[PlyCount "36"]
[EventDate "2003.09.08"]

1. d4 Nf6 2. c4 g6 3. Nc3 Bg7 4. e4 d6 5. f4 O-O 6. Nf3 c5 7. d5 e6 8. Bd3 exd5
9. cxd5 h5 10. e5 dxe5 11. fxe5 Ng4 12. Bg5 Qb6 13. O-O Nxe5 14. Nxe5 c4+ 15.
Kh1 Bxe5 16. Be7 Re8 17. d6 Bxc3 18. Qa4 Be6 1/2-1/2

[Event "XIV C.to NATO"]
[Site "Hoevelte DEN"]
[Date "2003.09.12"]
[Round "7"]
[White "Falbo, Sandro"]
[Black "Nill, Oliver"]
[Result "1/2-1/2"]
[WhiteElo "2208"]
[BlackElo "2198"]
[PlyCount "92"]
[EventDate "2003.09.08"]

1. d4 g6 2. e4 Bg7 3. Nf3 d6 4. Be2 Nf6 5. Nc3 O-O 6. O-O Nbd7 7. h3 e5 8. dxe5
dxe5 9. Bg5 h6 10. Be3 c6 11. Qd2 Kh7 12. Rad1 Qe7 13. Qd6 Qxd6 14. Rxd6 Re8
15. Rdd1 Bf8 16. Nd2 Bc5 17. Nc4 Bxe3 18. fxe3 Re7 19. a4 Ne8 20. Nd6 Nxd6 21.
Rxd6 Nf8 22. b4 Be6 23. Rfd1 Kg7 24. Kh2 a5 25. b5 Rc8 26. bxc6 bxc6 27. Rb1
Rd7 28. Rxd7 Bxd7 29. Rb7 Ra8 30. Bc4 Kf6 31. Ne2 Ke7 32. Nc1 f5 33. exf5 gxf5
34. g4 fxg4 35. hxg4 Kd6 36. Kg3 Ne6 37. Nd3 Nd8 38. Rb1 Be6 39. Bxe6 Nxe6 40.
Rb7 Rg8 41. Kh4 Ng5 42. Ra7 Nf3+ 43. Kh3 h5 44. gxh5 Ng1+ 45. Kh4 Nf3+ 46. Kh3
Ng1+ 1/2-1/2

[Event "XIV C.to NATO"]
[Site "Hoevelte DEN"]
[Date "2003.09.12"]
[Round "7"]
[White "Tarantino, Silvio"]
[Black "Pioch, Zygmunt"]
[Result "1/2-1/2"]
[WhiteElo "1812"]
[BlackElo "2242"]
[PlyCount "31"]
[EventDate "2003.09.08"]

1. e4 e5 2. Nf3 Nc6 3. Bb5 a6 4. Ba4 Nf6 5. O-O b5 6. Bb3 Bc5 7. c3 d6 8. d4
Bb6 9. dxe5 Nxe5 10. Nxe5 dxe5 11. Qxd8+ Kxd8 12. Bg5 Ke7 13. Kh1 h6 14. Bh4
Bb7 15. f4 exf4 16. e5 1/2-1/2

[Event "XIV C.to NATO"]
[Site "Hoevelte DEN"]
[Date "2003.09.12"]
[Round "7"]
[White "Teodonio, Fabrizio"]
[Black "Cheung, Jan W."]
[Result "1/2-1/2"]
[WhiteElo "1907"]
[BlackElo "2088"]
[PlyCount "31"]
[EventDate "2003.09.08"]

1. e4 d6 2. d4 Nf6 3. Nc3 g6 4. Bg5 Bg7 5. Qd2 O-O 6. f3 c6 7. Bh6 e5 8. Bxg7
Kxg7 9. Bc4 b5 10. Bb3 a5 11. a3 Qb6 12. Nge2 Nbd7 13. Nd1 c5 14. c3 Bb7 15.
Ne3 c4 16. Bc2 1/2-1/2

[Event "XIV C.to NATO"]
[Site "Hoevelte DEN"]
[Date "2003.09.12"]
[Round "7"]
[White "Tommasini, Enzo"]
[Black "Deleyn, Gunter"]
[Result "0-1"]
[WhiteElo "2117"]
[BlackElo "2275"]
[PlyCount "36"]
[EventDate "2003.09.08"]

1. d4 Nf6 2. Nf3 e6 3. e3 b6 4. Bd3 c5 5. O-O Bb7 6. Nbd2 Nc6 7. c3 Qc7 8. c4
Be7 9. b3 O-O 10. Bb2 d5 11. Rc1 Rad8 12. Qe2 Qb8 13. Rfd1 cxd4 14. exd4 Qf4
15. Qe3 Nh5 16. Nf1 Na5 17. N3d2 Bg5 18. Qh3 Bh6 0-1

[Event "C.to Italiano U12"]
[Site "Arvier ITA"]
[Date "2003.07.02"]
[Round "3"]
[White "Manconi, Alberto"]
[Black "Rombaldoni, Axel"]
[Result "0-1"]
[WhiteElo "1404"]
[BlackElo "1777"]
[PlyCount "96"]
[EventDate "2003.07.01"]

1. e4 c5 2. Nc3 d6 3. g3 Nc6 4. Bg2 e5 5. d3 Nf6 6. Nge2 Be7 7. O-O O-O 8. Bg5
h6 9. Bxf6 Bxf6 10. Nd5 Be6 11. Nec3 Nd4 12. f4 exf4 13. Nxf4 g5 14. Nxe6 fxe6
15. Ne2 Nxe2+ 16. Qxe2 Bxb2 17. Rxf8+ Qxf8 18. Rf1 Qe7 19. Qh5 Bg7 20. Qg6 Qe8
21. Qxe8+ Rxe8 22. Rb1 Bd4+ 23. Kf1 Rf8+ 24. Ke1 b6 25. Rd1 Bg1 26. Bh3 e5 27.
Rd2 Bd4 28. Re2 Bc3+ 29. Kd1 Rf3 30. Bg2 Rf8 31. Bh3 g4 32. Bg2 b5 33. a3 a5
34. h3 h5 35. Kc1 a4 36. Kb1 Rf7 37. Ka2 Kf8 38. hxg4 hxg4 39. Kb1 Ke7 40. Ka2
Kd8 41. Kb1 Kc7 42. Ka2 Kb6 43. Kb1 Ka5 44. Ka2 b4 45. axb4+ Kxb4 46. d4 cxd4
47. Kb1 Ka3 48. Kc1 Ka2 0-1

[Event "C.to Italiano U12"]
[Site "Arvier ITA"]
[Date "2003.07.03"]
[Round "4"]
[White "Rombaldoni, Axel"]
[Black "Angelini, Marco"]
[Result "1-0"]
[WhiteElo "1777"]
[BlackElo "1564"]
[PlyCount "35"]
[EventDate "2003.07.01"]

1. e4 e5 2. f4 exf4 3. Nf3 Nc6 4. d4 d6 5. Bxf4 Nf6 6. Nc3 g6 7. Bc4 Bg7 8. O-O
O-O 9. Qd2 Re8 10. Bh6 Qe7 11. Bxg7 Kxg7 12. Ng5 Nd8 13. Rxf6 Qxf6 14. Nd5 Qxg5
15. Qxg5 Ne6 16. Qf6+ Kg8 17. Rf1 Rf8 18. Ne7# 1-0

[Event "C.to Italiano U12"]
[Site "Arvier ITA"]
[Date "2003.07.04"]
[Round "5"]
[White "Rubini, Alessandro"]
[Black "Rombaldoni, Axel"]
[Result "0-1"]
[WhiteElo "1564"]
[BlackElo "1777"]
[PlyCount "20"]
[EventDate "2003.07.01"]

1. e4 c5 2. d4 cxd4 3. c3 dxc3 4. Nxc3 Nc6 5. Nf3 e6 6. Bc4 Qc7 7. a3 a6 8. O-O
Nf6 9. Qe2 Ng4 10. h3 Nd4 0-1

[Event "C.to Italiano U12"]
[Site "Arvier ITA"]
[Date "2003.07.04"]
[Round "6"]
[White "Rombaldoni, Axel"]
[Black "Brancati, Emanuele"]
[Result "1-0"]
[WhiteElo "1777"]
[BlackElo "1585"]
[PlyCount "61"]
[EventDate "2003.07.01"]

1. e4 c5 2. Nf3 e6 3. d4 cxd4 4. Nxd4 Nf6 5. Nc3 d6 6. Bc4 Qc7 7. Bb3 a6 8. Be3
Be7 9. Qe2 b5 10. f3 Bb7 11. g4 Nc6 12. h4 Ne5 13. g5 Nfd7 14. Kf2 Nc4 15.
Ndxb5 axb5 16. Nxb5 Qa5 17. Bxc4 Ne5 18. b4 Qd8 19. Bb3 Ba6 20. a4 Nc6 21. c3
Qc8 22. a5 Kf8 23. Bb6 Qd7 24. Ba4 Bd8 25. Bxd8 Rxd8 26. Rad1 Qb7 27. Rxd6 Bxb5
28. Rxd8+ Nxd8 29. Qxb5 Qxb5 30. Bxb5 Nb7 31. Rd1 1-0

[Event "C.to Italiano U12"]
[Site "Arvier ITA"]
[Date "2003.07.05"]
[Round "7"]
[White "D'Apa, Matteo"]
[Black "Rombaldoni, Axel"]
[Result "1/2-1/2"]
[WhiteElo "1747"]
[BlackElo "1777"]
[PlyCount "62"]
[EventDate "2003.07.01"]

1. d4 d5 2. c4 e6 3. Nf3 c6 4. Nc3 f5 5. Bf4 Nf6 6. e3 Be7 7. Bd3 O-O 8. Qe2 a6
9. O-O Ne4 10. h3 Bd7 11. Ne5 Be8 12. Bxe4 fxe4 13. Qg4 Rf5 14. Qe2 g5 15. g4
Rf8 16. Bg3 Nd7 17. f4 Nxe5 18. fxe5 Rxf1+ 19. Rxf1 b5 20. c5 a5 21. Qf2 Bg6
22. Kg2 h6 23. Qd2 Ra7 24. Ne2 Kg7 25. Nc1 Qa8 26. Nb3 Kg8 27. Be1 Bd8 28. Rh1
a4 29. Na1 Ba5 30. Qe2 Bxe1 31. Qxe1 Qf8 1/2-1/2

[Event "C.to Italiano U10"]
[Site "Arvier ITA"]
[Date "2003.07.04"]
[Round "6"]
[White "Fiducioso, Marco"]
[Black "Visentin, Lorenzo"]
[Result "0-1"]
[WhiteElo "1504"]
[BlackElo "1600"]
[PlyCount "80"]
[EventDate "2003.07.01"]

1. c4 c5 2. Nc3 Nc6 3. g3 g6 4. Bg2 Bg7 5. Nf3 Nf6 6. O-O O-O 7. d3 e6 8. Be3
d6 9. d4 cxd4 10. Nxd4 d5 11. cxd5 exd5 12. Nb3 Be6 13. Qd2 Ng4 14. Rad1 Nxe3
15. fxe3 Re8 16. Nxd5 Bxd5 17. Bxd5 Re7 18. Qc2 Qb6 19. Qc5 Bxb2 20. Bxc6 Qxc5
21. Nxc5 bxc6 22. Rf3 Rae8 23. Rd3 Bc1 24. Kf2 h5 25. Nd7 Kh8 26. Nf6 Rc8 27.
Rd7 Rxd7 28. Nxd7 Kg7 29. Ne5 Rc7 30. Nc4 c5 31. Kg2 Re7 32. Kh3 g5 33. g4
hxg4+ 34. Kxg4 Re4+ 35. Kxg5 Rxc4 36. h4 Rc3 37. Kf4 c4 38. Ke4 Ra3 39. Kd4 c3
40. Kd3 Bd2 0-1

[Event "C.to Regionale Toscana"]
[Site "Firenze ITA"]
[Date "2003.04.??"]
[Round "?"]
[White "Del Dotto, Riccardo"]
[Black "Raspopovic, Stanisa"]
[Result "1-0"]
[WhiteElo "2151"]
[BlackElo "2078"]
[PlyCount "98"]
[EventDate "2003.04.25"]

1. e4 c5 2. Nc3 Nc6 3. g3 g6 4. Bg2 Bg7 5. d3 e6 6. Be3 b6 7. Qd2 Nge7 8. Bh6
O-O 9. h4 Bxh6 10. Qxh6 f6 11. Qd2 Rb8 12. h5 d6 13. hxg6 hxg6 14. Qh6 Kf7 15.
f4 Nd4 16. O-O-O Bb7 17. Qh7+ Ke8 18. Nf3 Nxf3 19. Bxf3 Kd7 20. Qh3 Rh8 21. Qg2
Qc7 22. d4 cxd4 23. Rxd4 Rxh1+ 24. Qxh1 Qc5 25. Rd2 b5 26. e5 Bxf3 27. Qxf3
fxe5 28. Ne4 Qc4 29. Rxd6+ Kc7 30. fxe5 Rc8 31. Qc3 Qxc3 32. Nxc3 Rb8 33. Rxe6
Kd7 34. Rd6+ Ke8 35. Ne4 Rb7 36. Rxg6 Nxg6 37. Nd6+ Ke7 38. Nxb7 Nxe5 39. Kd2
Ke6 40. Nc5+ Kd5 41. Nd3 Nc4+ 42. Kc3 a5 43. b4 a4 44. Nc5 Ne3 45. Kd3 Nc4 46.
Kc3 Ne3 47. Nd3 Nc4 48. Nb2 Nd6 49. Kd3 49... Nf5 $139 1-0